00996nam a22001697a 4500003000400000005001700004008004100021020001900062100001500081245002700096260005300123300000800176520056200184650001400746650002400760650004200784OSt20251020182707.0251020b |||||||| |||| 00| 0 eng d a978 9978481790 aAnónimo  aEl Lazarillo de Tormes aQuito-Ecuador b Velásquez y Velásquezc2012 a102 aEl Lazarillo de Tormes es una obra maestra de la literatura española del siglo XVI, considerada precursora del género picaresco. La historia narra las vivencias y desventuras de Lázaro González Pérez, un joven de origen humilde que se ve obligado a servir a diversos amos para sobrevivir en la sociedad española del siglo XVI. A través de sus experiencias, Lázaro aprende sobre la hipocresía, la corrupción y las complejidades de la vida, ofreciendo una aguda crítica social y una reflexión sobre la moralidad y la condición humana 2Argumento 2La novela picaresca 2Novela de aprendizaje o de formacion